Astronomy : what everyone should know /

Bibliographic Details
Main Author: Allen, John Stuart, 1907-
Format: Book
Language:English
Published: Indianapolis, New York : The Bobbs-Merrill company, [1945]
Subjects:

MARC

Tag First Indicator Second Indicator Subfields
LEADER 00000cam a2200000 4500
001 in00000051166
005 20151007065906.0
008 750121s1945 inuaf 00010 eng
010 |a  45010177  
035 |a (OCoLC)01147153 
035 |9 AAE2911AM 
040 |a DLC  |c TLM  |d OCL  |d TXA  |d UtOrBLW 
049 |a TXAM  |c [131428] 
050 0 |a QB44  |b .A4 
082 0 |a 523 
092 |a 523  |b A427a 
100 1 |a Allen, John Stuart,  |d 1907- 
245 1 0 |a Astronomy :  |b what everyone should know /  |c by John Stuart Allen. 
264 1 |a Indianapolis,  |a New York :  |b The Bobbs-Merrill company,  |c [1945] 
300 |a 10 pages, 2 leaves, 13-199 pages :  |b frontispiece, illustrations, plates, diagrams ;  |c 21 cm. 
336 |a text  |b txt  |2 rdacontent 
337 |a unmediated  |b n  |2 rdamedia 
338 |a volume  |b nc  |2 rdacarrier 
500 |a "First edition." 
650 0 |a Astronomy. 
999 |a MARS 
999 f f |s fe32b412-64f3-328b-9db9-f9de3e54e2ba  |i a4650879-4815-326a-a8af-bc4f34931163  |t 0 
952 f f |p ric  |a Texas A&M University  |b Rellis Campus  |c Joint Library Facility  |d Remote Storage  |t 0  |e QB44 .A4  |h Library of Congress classification  |i unmediated -- volume  |m A14800899587 
998 f f |a QB44 .A4  |t 0  |l Remote Storage